000 00681nam a22002297a 4500
003 UA-OsUOA
001 37124
007 ta
008 20060223b un ||||| |||| 00| 0 ukr d
090 _a821.162.1
_bЛ88
942 _cBK
040 _aUA-OsUOA
_bukr
_cUA-OsUOA
_dUA-OsUOA
245 _aЛітературна спадщина
300 _a493 с.
955 _a3
041 _aukr
080 _a821.162.1
260 _aК.
_bАНУУСРС
_c1962
246 3 1 _aІван Франко перекази і переспіви із старогрецьких поетів
_n
650 7 _a82 Література. Літературознавство
_2UDC
999 _c323335
_d323335